000 00917nam a2200241 a 4500
001 BRCA_8961
005 20190320210455.0
008 050717s1779----sp-#######---#000-0#spa-#
041 _aspa
044 _asp
084 _aBE139
_b.B87 1779
100 1 _aBurdalue, Luis
_922263
245 1 0 _aTom segundo de la quaresma del padre Luis Burdalue, de la extinguida compañía llamada de Jesús, fielmente traducidos del francés al castellano.
250 _a2ª ed.
260 _aMadrid
_bPor Blas Roman
_c1779
300 _a[2], 399 p. (t.3)
_c21.5 x 15.3 cm
500 _aEstado físico: presenta encuadernación en pergamino con lomo desprendido
500 _aCon privilegio para toda la obra
500 _aEn portada: A costa de Manuel Godo, Mercader de Libros en las Gradas de San Felipe el Real, donde se hallará
650 1 4 _aQuaresma
_yObras anteriores a 1800
_922264
902 _aCFM
942 _2lcc
_cB
999 _c8612
_d8612